El hombre rebelde

Camus trabaja en este libro el problema de la rebeldía partiendo de una perspectiva histórica sobre cómo se ha levantado el ser humano contra Dios. Se divide en cinco partes donde se presenta, a modo de introducción, el “hombre rebelde”. De esta manera se abre un abanico de incidencias de la rebeldí...

Popoln opis

Shranjeno v:
Bibliografske podrobnosti
Glavni avtor: Camus, Albert
Format: Knjiga
Jezik:Spanish
Izdano: República Dominicana Alfa Omega [s.f.]
Teme:
Oznake: Označite
Brez oznak, prvi označite!

MARC

LEADER 00000nam a2200000Ia 4500
008 170316s9999 xx 000 0 spa d
040 |a cru BVZT 
090 |a 100 C-7.1h 
100 |a Camus, Albert  |9 594 
245 |a El hombre rebelde  |c / Albert Camus 
260 |a República Dominicana  |b Alfa Omega  |c [s.f.] 
300 |a 280 páginas 
520 |a Camus trabaja en este libro el problema de la rebeldía partiendo de una perspectiva histórica sobre cómo se ha levantado el ser humano contra Dios. Se divide en cinco partes donde se presenta, a modo de introducción, el “hombre rebelde”. De esta manera se abre un abanico de incidencias de la rebeldía, a saber, la rebeldía metafísica, histórica y artística, concluyendo con una sección titulada: el pensamiento de medio día, donde se aborda el asesinato y el nihilismo. 
650 |a FILOSOFÍA  |9 5 
650 |a LA REBELIÓN METAFÍSICA  |9 595 
650 |a LA REBELION HISTÓRICA  |9 596 
650 |a REBELIÓN Y ARTE  |9 597 
650 |a EL PENSAMIENTO DE MEDIODÍA  |9 598 
999 |c 7588  |d 7588 
942 |c 4 D  |h 100 C-7.1h  |2 z